[Event "FIDE Open World Blitz 2021"]
[Site "Warsaw"]
[Date "2021.12.30"]
[Round "14.23"]
[White "Parligras, Mircea-Emilian"]
[Black "Kanarek, Marcel"]
[Result "1-0"]
[WhiteElo "2576"]
[BlackElo "2342"]
[Annotator "ChessBase"]
[PlyCount "74"]
[EventDate "2021.12.29"]
[EventType "swiss"]
[EventCountry "POL"]
[Tiebreak "Cut1 Buchholz"]
[SourceTitle "playchess.com"]
[Source "ChessBase"]
[SourceQuality "1"]

1. d4 Nf6 2. c4 g6 3. Nc3 Bg7 4. e4 d6 5. h3 O-O 6. Be3 c5 7. Nf3 cxd4 8. Nxd4
Nc6 9. Be2 Bd7 10. O-O Nxd4 11. Bxd4 Bc6 12. Qc2 a5 13. Rad1 Nd7 14. Bxg7 Kxg7
15. Bg4 Ne5 16. c5 Nxg4 17. hxg4 Qc8 18. cxd6 Qxg4 19. dxe7 Rfe8 20. Nd5 Bxd5
21. Qc3+ Kg8 22. exd5 Rxe7 23. d6 Rd7 24. Rd4 Qf5 25. Rfd1 Rad8 26. Rd5 Qe6 27.
Qc5 a4 28. a3 Qe2 29. Qb4 Qe6 30. R5d4 h5 31. g3 Kg7 32. R1d3 Re8 33. Qxa4 Qh3
34. Re4 Rc8 35. Qd4+ Kh7 36. Rd1 Rc2 37. Re8 f6 1-0

[Event "FIDE Open World Blitz 2021"]
[Site "Warsaw"]
[Date "2021.12.30"]
[Round "14.24"]
[White "Quparadze, Giga"]
[Black "Harsha, Bharathakoti"]
[Result "1-0"]
[WhiteElo "2475"]
[BlackElo "2576"]
[Annotator "ChessBase"]
[PlyCount "99"]
[EventDate "2021.12.29"]
[EventType "swiss"]
[EventCountry "POL"]
[Tiebreak "Cut1 Buchholz"]
[SourceTitle "playchess.com"]
[Source "ChessBase"]
[SourceQuality "1"]

1. e4 e6 2. d4 d5 3. Nd2 c5 4. Ngf3 Nc6 5. Bb5 a6 6. Bxc6+ bxc6 7. O-O Nf6 8.
Re1 Be7 9. b3 O-O 10. Bb2 a5 11. a4 Nd7 12. c4 Rb8 13. Qc2 cxd4 14. Nxd4 Bb7
15. N4f3 Re8 16. Rad1 Bf6 17. Bxf6 Nxf6 18. h3 Qb6 19. Ne5 Red8 20. c5 Qc7 21.
Ng4 Nxg4 22. hxg4 Qf4 23. exd5 cxd5 24. Nf3 Ba8 25. Rd4 Qf6 26. g5 Qg6 27. Qc3
Rdc8 28. Ne5 Qf5 29. Qg3 Rb4 30. Rxb4 axb4 31. Rc1 Kh8 32. Nd7 Bc6 33. Nb6 Re8
34. Qd6 Qxg5 35. f4 Qg3 36. Rf1 Qe3+ 37. Kh2 Ba8 38. Rf3 Qd4 39. a5 Rg8 40. c6
Qd1 41. c7 Bb7 42. Qc5 Qa1 43. c8=R Bxc8 44. Nxc8 d4 45. Nd6 Ra8 46. Nc4 Rd8
47. Qe7 Rc8 48. Qxf7 Qe1 49. Rg3 Rg8 50. Ne5 1-0

[Event "FIDE Open World Blitz 2021"]
[Site "Warsaw"]
[Date "2021.12.30"]
[Round "14.24"]
[White "Jakubowski, Krzysztof"]
[Black "Dziuba, Marcin"]
[Result "0-1"]
[WhiteElo "2373"]
[BlackElo "2568"]
[Annotator "ChessBase"]
[PlyCount "114"]
[EventDate "2021.12.29"]
[EventType "swiss"]
[EventCountry "POL"]
[Tiebreak "Cut1 Buchholz"]
[SourceTitle "playchess.com"]
[Source "ChessBase"]
[SourceQuality "1"]

1. d4 Nf6 2. Nf3 g6 3. Bg5 Bg7 4. Nbd2 d5 5. e3 O-O 6. Be2 c5 7. c3 b6 8. O-O
Bb7 9. a4 Nc6 10. h3 h6 11. Bf4 Nd7 12. Qc2 Rc8 13. Rfd1 cxd4 14. exd4 g5 15.
Be3 e6 16. Nb3 a5 17. Bb5 Nf6 18. Qe2 Ne4 19. Nfd2 Nd6 20. Bd3 f5 21. f3 Qf6
22. Re1 Rce8 23. Bb5 Nxb5 24. axb5 Nd8 25. Nc1 Nf7 26. Nd3 Bc8 27. b3 Rd8 28.
Bf2 Rfe8 29. c4 dxc4 30. Nxc4 Bb7 31. Nde5 Nxe5 32. dxe5 Qg6 33. Bxb6 Rd5 34.
Rxa5 g4 35. Ra7 gxf3 36. Qxf3 Rd1 37. Rxb7 Rxe1+ 38. Kh2 Rc8 39. Bf2 Re4 40.
Qg3 Qxg3+ 41. Bxg3 f4 42. Bh4 Bxe5 43. Nxe5 Rxe5 44. Bf6 Re2 45. b6 f3 46. Rg7+
Kf8 47. b7 Rb8 48. Be5 Rxe5 49. Rh7 Kg8 50. Rc7 Rf5 51. gxf3 Rxf3 52. b4 e5 53.
b5 e4 54. Kg2 Rf7 55. Rc8+ Rf8 56. Rc7 e3 57. Re7 Rfe8 0-1

[Event "FIDE Open World Blitz 2021"]
[Site "Warsaw"]
[Date "2021.12.30"]
[Round "14.25"]
[White "Howell, David W L"]
[Black "Ivic, Velimir"]
[Result "1-0"]
[WhiteElo "2648"]
[BlackElo "2575"]
[Annotator "ChessBase"]
[PlyCount "87"]
[EventDate "2021.12.29"]
[EventType "swiss"]
[EventCountry "POL"]
[Tiebreak "Cut1 Buchholz"]
[SourceTitle "playchess.com"]
[Source "ChessBase"]
[SourceQuality "1"]

1. Nf3 d5 2. g3 Nc6 3. d4 Bf5 4. Bg2 Nb4 5. Na3 e6 6. O-O Be7 7. c3 Nc6 8. b3
h6 9. Bb2 Nf6 10. Nc2 O-O 11. c4 Nb8 12. e3 c6 13. Qe2 Nbd7 14. Rfd1 a5 15. a4
Qb6 16. Ba3 Bxa3 17. Rxa3 Ne4 18. Rc1 Rfc8 19. c5 Qc7 20. b4 b6 21. cxb6 Nxb6
22. bxa5 Nc4 23. Raa1 Rxa5 24. Na3 Nb6 25. Ne5 Qd6 26. Qb2 Rxa4 27. Qxb6 Rxa3
28. Qb7 Rc7 29. Qb8+ Kh7 30. Bxe4 Bxe4 31. Nxf7 Rxa1 32. Rxa1 Qe7 33. Qh8+ Kg6
34. Ne5+ Kh5 35. f3 Qg5 36. Kf2 Qf6 37. Kg2 Bg6 38. g4+ Kh4 39. f4 Be4+ 40. Kf2
c5 41. g5 Qf5 42. gxh6 g5 43. Qd8 Kh3 44. Qxc7 1-0

[Event "FIDE Open World Blitz 2021"]
[Site "Warsaw"]
[Date "2021.12.30"]
[Round "14.25"]
[White "Wieczorek, Oskar"]
[Black "Krasenkow, Michal"]
[Result "1/2-1/2"]
[WhiteElo "2258"]
[BlackElo "2576"]
[Annotator "ChessBase"]
[PlyCount "147"]
[EventDate "2021.12.29"]
[EventType "swiss"]
[EventCountry "POL"]
[Tiebreak "Cut1 Buchholz"]
[SourceTitle "playchess.com"]
[Source "ChessBase"]
[SourceQuality "1"]

1. e4 e5 2. Nf3 Nf6 3. Nc3 Nc6 4. a3 d6 5. d4 Bg4 6. Bb5 Nd7 7. d5 Nd4 8. Be2
Bxf3 9. Bxf3 c5 10. dxc6 bxc6 11. Be3 Nxf3+ 12. Qxf3 Be7 13. O-O O-O 14. Rfd1
Qc7 15. Na4 Rfb8 16. b3 Nf8 17. Qe2 Ne6 18. Qc4 Rb7 19. Rd2 Rd8 20. Rad1 h6 21.
Rd3 Bf6 22. Rc3 Rc8 23. Qa6 Nd4 24. Bxd4 exd4 25. Rc4 Rb5 26. b4 Qd7 27. Nb2 d5
28. exd5 Rxd5 29. Nd3 Rc7 30. g3 Qg4 31. Re1 Qc8 32. Qxc8+ Rxc8 33. Kg2 Kf8 34.
a4 a6 35. Nc5 Ra8 36. a5 Be7 37. Na4 Rd6 38. Nb6 Rad8 39. Re5 Rf6 40. Re2 g5
41. Na4 d3 42. cxd3 Rxd3 43. Rce4 Bd6 44. Nb6 Kg7 45. Rc4 Bf8 46. Na8 Rb3 47.
Nc7 Rxb4 48. Rxb4 Bxb4 49. Ne8+ Kg6 50. Nxf6 Kxf6 51. Kf3 c5 52. Ke4 c4 53. Rb2
Bxa5 54. Ra2 Be1 55. Rxa6+ Kg7 56. Ke3 c3 57. Rc6 Bd2+ 58. Ke4 Be1 59. f3 Bd2
60. Kf5 Be1 61. Ke5 Bd2 62. Kf5 Be1 63. Kg4 Bd2 64. Kh5 f5 65. Rc7+ Kf6 66. Rc5
Ke6 67. g4 fxg4 68. fxg4 Kd6 69. Rc8 Kd5 70. Kxh6 Ke4 71. Kh5 Kd3 72. h4 gxh4
73. Kxh4 c2 74. Rxc2 1/2-1/2

[Event "FIDE Open World Blitz 2021"]
[Site "Warsaw"]
[Date "2021.12.30"]
[Round "14.26"]
[White "Svane, Rasmus"]
[Black "Socko, Bartosz"]
[Result "1/2-1/2"]
[WhiteElo "2628"]
[BlackElo "2571"]
[Annotator "ChessBase"]
[PlyCount "128"]
[EventDate "2021.12.29"]
[EventType "swiss"]
[EventCountry "POL"]
[Tiebreak "Cut1 Buchholz"]
[SourceTitle "playchess.com"]
[Source "ChessBase"]
[SourceQuality "1"]

1. Nf3 e6 2. g3 b5 3. Bg2 Bb7 4. d4 c5 5. c3 Nf6 6. Bg5 Be7 7. O-O d6 8. dxc5
dxc5 9. Qxd8+ Bxd8 10. a4 b4 11. Nbd2 Nbd7 12. Nc4 Bc7 13. Rfd1 h6 14. Bxf6
Nxf6 15. cxb4 cxb4 16. Nfe5 Bxg2 17. Kxg2 O-O 18. a5 Rfd8 19. Nc6 Rxd1 20. Rxd1
Kf8 21. Nxb4 Rc8 22. b3 Rb8 23. Na6 Rb7 24. Nxc7 Rxc7 25. Rd8+ Ke7 26. Ra8 Nd7
27. Nb2 Kd6 28. b4 Ne5 29. f4 Nc6 30. Nd3 Rb7 31. Kf3 f5 32. h4 Kd5 33. Ke3 Kc4
34. Rc8 Kb5 35. Nc5 Re7 36. Nd3 Rb7 37. Re8 Nxb4 38. Nxb4 Kxb4 39. Rxe6 Kxa5
40. Re5+ Kb4 41. Rxf5 a5 42. Kd2 a4 43. Kc2 Re7 44. Kd3 a3 45. Rf8 Ra7 46. Rb8+
Kc5 47. Rb1 a2 48. Ra1 Ra3+ 49. Kc2 Kd4 50. Kb2 Rxg3 51. Rxa2 Rg4 52. f5 Ke3
53. Kc3 Rxh4 54. Ra7 Rg4 55. Re7+ Kf4 56. Rf7 Ke5 57. Kd3 Rg3+ 58. e3 h5 59.
Ke2 Ke4 60. Kf2 h4 61. Rf8 Rf3+ 62. Kg2 Rxe3 63. f6 Rg3+ 64. Kh2 gxf6 1/2-1/2

[Event "FIDE Open World Blitz 2021"]
[Site "Warsaw"]
[Date "2021.12.30"]
[Round "14.26"]
[White "Samunenkov, Ihor"]
[Black "Carlsson, Pontus"]
[Result "1-0"]
[WhiteElo "2348"]
[BlackElo "2457"]
[Annotator "ChessBase"]
[PlyCount "89"]
[EventDate "2021.12.29"]
[EventType "swiss"]
[EventCountry "POL"]
[Tiebreak "Cut1 Buchholz"]
[SourceTitle "playchess.com"]
[Source "ChessBase"]
[SourceQuality "1"]

1. d4 Nf6 2. g3 d5 3. Nf3 c6 4. c4 g6 5. Bg2 Bg7 6. O-O O-O 7. cxd5 cxd5 8. Ne5
Nc6 9. Nc3 Nd7 10. Nxd5 Ndxe5 11. dxe5 Bxe5 12. Qa4 Be6 13. Rd1 Bxd5 14. Bxd5
Qc7 15. Rb1 e6 16. Bxc6 bxc6 17. Be3 Rfd8 18. b3 Rd5 19. Rbc1 Rxd1+ 20. Rxd1 a5
21. Rc1 Rc8 22. Rc5 Bg7 23. Qxa5 Qd7 24. Qd2 Qe7 25. Qc2 Qd6 26. a4 h5 27. h4
Be5 28. Kg2 Bd4 29. Bxd4 Qxd4 30. e3 Qd6 31. a5 Ra8 32. b4 Rb8 33. Qc4 Qd7 34.
a6 Rb5 35. Rxb5 cxb5 36. Qc5 Qd3 37. Qc8+ Kg7 38. Qb7 g5 39. a7 gxh4 40. a8=Q
h3+ 41. Kxh3 Qf1+ 42. Qg2 Qd1 43. Qae4 f5 44. Qxe6 Qg4+ 45. Kh2 1-0

[Event "FIDE Open World Blitz 2021"]
[Site "Warsaw"]
[Date "2021.12.30"]
[Round "14.27"]
[White "Gukesh D"]
[Black "Salem, A.R. Saleh"]
[Result "1-0"]
[WhiteElo "2621"]
[BlackElo "2690"]
[Annotator "ChessBase"]
[PlyCount "61"]
[EventDate "2021.12.29"]
[EventType "swiss"]
[EventCountry "POL"]
[Tiebreak "Cut1 Buchholz"]
[SourceTitle "playchess.com"]
[Source "ChessBase"]
[SourceQuality "1"]

1. d4 d5 2. c4 e6 3. Nf3 Nf6 4. Nc3 c6 5. Bg5 Nbd7 6. e3 Be7 7. Be2 h6 8. Bh4
dxc4 9. Bxc4 b5 10. Bd3 Bb7 11. O-O O-O 12. Rc1 Rc8 13. Qe2 b4 14. Na4 c5 15.
Nxc5 Bxf3 16. gxf3 Nxc5 17. dxc5 Rxc5 18. Rxc5 Bxc5 19. Bb1 Be7 20. Kh1 Nh5 21.
Qc2 f5 22. Rd1 Qe8 23. Bxe7 Qxe7 24. Qc6 Kh8 25. Qd6 Qxd6 26. Rxd6 Rc8 27. Bd3
Re8 28. Bc4 Nf6 29. Bxe6 f4 30. e4 g5 31. Bf7 1-0

[Event "FIDE Open World Blitz 2021"]
[Site "Warsaw"]
[Date "2021.12.30"]
[Round "14.27"]
[White "Bellahcene, Bilel"]
[Black "Tologontegin, Semetey"]
[Result "1-0"]
[WhiteElo "2528"]
[BlackElo "2224"]
[Annotator "ChessBase"]
[PlyCount "85"]
[EventDate "2021.12.29"]
[EventType "swiss"]
[EventCountry "POL"]
[Tiebreak "Cut1 Buchholz"]
[SourceTitle "playchess.com"]
[Source "ChessBase"]
[SourceQuality "1"]

1. e4 g6 2. d4 Bg7 3. Nf3 d6 4. Bc4 Nf6 5. Qe2 O-O 6. e5 dxe5 7. dxe5 Nd5 8.
O-O Bg4 9. h3 Bxf3 10. Qxf3 c6 11. e6 fxe6 12. Qe2 Qd6 13. c3 Nd7 14. Re1 Rf6
15. Nd2 Nf4 16. Qf1 Rf5 17. Ne4 Qc7 18. Bxf4 Rxf4 19. Bxe6+ Kh8 20. Rad1 Ne5
21. Bb3 Raf8 22. Rd2 R4f5 23. Red1 h6 24. Bc2 Qb6 25. b4 a5 26. a3 axb4 27.
axb4 h5 28. Nc5 R5f6 29. Qe1 R6f7 30. Bb3 Rf5 31. Re2 Rg5 32. Kh1 Rf4 33. Ne6
Rff5 34. Nxg5 Rxg5 35. f4 Nf3 36. Qf2 Qb5 37. Qxf3 Rf5 38. Bc2 Rf6 39. Rxe7 Qb6
40. Rdd7 Bf8 41. Rh7+ Kg8 42. Bb3+ Rf7 43. Re7 1-0

[Event "FIDE Open World Blitz 2021"]
[Site "Warsaw"]
[Date "2021.12.30"]
[Round "14.28"]
[White "Dreev, Aleksey"]
[Black "Asadli, Vugar"]
[Result "0-1"]
[WhiteElo "2635"]
[BlackElo "2386"]
[Annotator "ChessBase"]
[PlyCount "135"]
[EventDate "2021.12.29"]
[EventType "swiss"]
[EventCountry "POL"]
[Tiebreak "Cut1 Buchholz"]
[SourceTitle "playchess.com"]
[Source "ChessBase"]
[SourceQuality "1"]

1. d4 d6 2. e4 g6 3. Nf3 Bg7 4. Nc3 a6 5. Be3 b5 6. Bd3 Bb7 7. a4 b4 8. Ne2 Nd7
9. c3 c5 10. O-O Ngf6 11. Ng3 O-O 12. a5 bxc3 13. bxc3 Qc7 14. Qd2 Rfc8 15. h3
c4 16. Bc2 Bc6 17. d5 Bb5 18. Bd4 Ne5 19. Nxe5 dxe5 20. Bb6 Qd6 21. Ba4 Nd7 22.
Be3 Nc5 23. Bxc5 Rxc5 24. Rfb1 e6 25. Bxb5 axb5 26. Rd1 exd5 27. exd5 f5 28.
Nf1 e4 29. Ne3 Rc7 30. Rdb1 Rc5 31. Rd1 Rc7 32. Rdb1 Qc5 33. d6 Rd7 34. Qd5+
Qxd5 35. Nxd5 Rxd6 36. Rxb5 f4 37. Rc5 e3 38. fxe3 fxe3 39. Re1 Rad8 40. Nxe3
Bxc3 41. Re2 Bd4 42. Rxc4 Re6 43. Kf2 Rf8+ 44. Ke1 Bxe3 45. Ra4 Rc8 46. Ra1 Rd8
47. a6 Bd2+ 48. Kf1 Rf6+ 49. Rf2 Rxf2+ 50. Kxf2 Bb4 51. Ra4 Bc5+ 52. Kf3 Kf7
53. Rc4 Bg1 54. Rc7+ Kf6 55. Rxh7 Ra8 56. h4 Rxa6 57. h5 Ra3+ 58. Kg4 Ra4+ 59.
Kh3 g5 60. g3 g4+ 61. Kg2 Be3 62. Rh8 Ra1 63. Rg8 Kf5 64. Rg7 Ra2+ 65. Kh1 Bd4
66. Rg8 Be5 67. Rf8+ Kg5 68. h6 0-1

[Event "FIDE Open World Blitz 2021"]
[Site "Warsaw"]
[Date "2021.12.30"]
[Round "14.28"]
[White "Sadzikowski, Daniel"]
[Black "Aditya, Mittal"]
[Result "1/2-1/2"]
[WhiteElo "2415"]
[BlackElo "2245"]
[Annotator "ChessBase"]
[PlyCount "167"]
[EventDate "2021.12.29"]
[EventType "swiss"]
[EventCountry "POL"]
[Tiebreak "Cut1 Buchholz"]
[SourceTitle "playchess.com"]
[Source "ChessBase"]
[SourceQuality "1"]

1. e4 c5 2. Nf3 d6 3. Bb5+ Nd7 4. Ba4 Ngf6 5. O-O e6 6. Qe2 a6 7. c3 b5 8. Bc2
Bb7 9. d4 Be7 10. Re1 Qc7 11. Bd3 Rc8 12. Nbd2 e5 13. a4 c4 14. Bc2 O-O 15. Nf1
Rfe8 16. Ng3 Bf8 17. d5 g6 18. h3 Bg7 19. Be3 Nc5 20. axb5 axb5 21. Qd2 Ra8 22.
Bh6 Rxa1 23. Rxa1 Ra8 24. Rxa8+ Bxa8 25. Bxg7 Kxg7 26. Nf5+ Kg8 27. Qh6 Ne8 28.
Ng3 f6 29. h4 Qg7 30. Qe3 h5 31. Nd2 Qf7 32. b4 cxb3 33. Nxb3 Qa7 34. Nxc5 Qxc5
35. Qxc5 dxc5 36. Kf1 Nd6 37. Ke1 Bb7 38. f3 Kf7 39. Nf1 f5 40. Ne3 Kf6 41. Kd2
Bc8 42. g3 fxe4 43. fxe4 g5 44. Ng2 Bh3 45. Ne1 Nc4+ 46. Ke2 Bg4+ 47. Kf2 b4
48. cxb4 cxb4 49. Nd3 b3 50. Bxb3 Nd2 51. Nc5 gxh4 52. gxh4 Ke7 53. Bc2 Nf3 54.
Nb7 Nxh4 55. d6+ Ke8 56. Nc5 Bd7 57. Bd1 Bg4 58. Ba4+ Kf7 59. Bc6 Ng6 60. Nb7
Nf8 61. Kg3 Bd7 62. Bd5+ Kf6 63. Nc5 Be8 64. Kh4 Nd7 65. Nxd7+ Bxd7 66. Kxh5
Be8+ 67. Kh6 Bd7 68. Kh7 Be6 69. Bc6 Bf7 70. Bd7 Be6 71. Bc6 Bf7 72. d7 Ke7 73.
Kg7 Be6 74. Bb5 Bxd7 75. Bxd7 Kxd7 76. Kf7 Kd6 77. Kf6 Kd7 78. Kxe5 Ke7 79. Kd5
Kd7 80. e5 Ke7 81. e6 Ke8 82. Kd6 Kd8 83. e7+ Ke8 84. Ke6 1/2-1/2

[Event "FIDE Open World Blitz 2021"]
[Site "Warsaw"]
[Date "2021.12.30"]
[Round "14.29"]
[White "Hovhannisyan, Robert"]
[Black "Piorun, Kacper"]
[Result "0-1"]
[WhiteElo "2622"]
[BlackElo "2634"]
[Annotator "ChessBase"]
[PlyCount "122"]
[EventDate "2021.12.29"]
[EventType "swiss"]
[EventCountry "POL"]
[Tiebreak "Cut1 Buchholz"]
[SourceTitle "playchess.com"]
[Source "ChessBase"]
[SourceQuality "1"]

1. e4 e6 2. d4 d5 3. Nc3 Bb4 4. e5 Qd7 5. Qg4 f5 6. Qg3 b6 7. h4 Ba6 8. Bxa6
Nxa6 9. Nge2 O-O-O 10. O-O Kb7 11. a4 c6 12. Nd1 Nc7 13. c3 Bf8 14. b3 g6 15.
a5 b5 16. Ba3 Bxa3 17. Rxa3 Na6 18. Nb2 Ne7 19. Nd3 h6 20. Ra2 g5 21. Rb1 Ka8
22. b4 Rdg8 23. h5 Qe8 24. Qh2 f4 25. f3 Nf5 26. Nf2 Ng7 27. Ng4 Nxh5 28. Kf2
Rf8 29. Rh1 Ng7 30. Ke1 Qg6 31. Kd2 Nc7 32. Nf6 h5 33. Raa1 Nce8 34. Nd7 Rf7
35. Nc5 Nf5 36. Qg1 Ne3 37. Qb1 Qxb1 38. Raxb1 Ng7 39. Rh2 h4 40. Rbh1 Nc4+ 41.
Ke1 Ne3 42. Nc1 Kb8 43. N1d3 Kc7 44. Nf2 Kd8 45. Ke2 Ke7 46. Nd1 Nef5 47. Kd2
Ng3 48. Re1 N7f5 49. Nf2 Ne3 50. Rxe3 fxe3+ 51. Kxe3 Nf1+ 52. Ke2 Nxh2 53. Nh3
Rg7 54. Kf2 g4 55. Nf4 gxf3 56. gxf3 Rh6 57. a6 Rg3 58. Ke2 Rxf3 59. Nfd3 h3
60. Nb7 Rxd3 61. Kxd3 Ng4 0-1

[Event "FIDE Open World Blitz 2021"]
[Site "Warsaw"]
[Date "2021.12.30"]
[Round "14.29"]
[White "Elier, Ali"]
[Black "Lima, Darcy"]
[Result "0-1"]
[WhiteElo "2194"]
[BlackElo "2379"]
[Annotator "ChessBase"]
[PlyCount "44"]
[EventDate "2021.12.29"]
[EventType "swiss"]
[EventCountry "POL"]
[Tiebreak "Cut1 Buchholz"]
[SourceTitle "playchess.com"]
[Source "ChessBase"]
[SourceQuality "1"]

1. e4 e5 2. Nf3 Nc6 3. Bc4 Be7 4. Nc3 Nf6 5. d3 d6 6. Be3 O-O 7. Qd2 Nd7 8. g4
Nb6 9. Rg1 Nxc4 10. dxc4 a6 11. O-O-O b5 12. cxb5 axb5 13. Qd5 b4 14. Qxc6 Bd7
15. Qc4 bxc3 16. Qxc3 Rxa2 17. h4 Qa8 18. Qxc7 Rb8 19. Qxd7 Rbxb2 20. Ne1 Qa5
21. Qc8+ Bf8 22. Rxd6 Ra1+ 0-1

[Event "FIDE Open World Blitz 2021"]
[Site "Warsaw"]
[Date "2021.12.30"]
[Round "14.30"]
[White "Caruana, Fabiano"]
[Black "Gagunashvili, Merab"]
[Result "1/2-1/2"]
[WhiteElo "2791"]
[BlackElo "2575"]
[Annotator "TA"]
[PlyCount "137"]
[EventDate "2021.12.29"]
[EventType "swiss"]
[EventCountry "POL"]
[Tiebreak "Cut1 Buchholz"]
[SourceTitle "playchess.com"]
[Source "ChessBase"]
[SourceQuality "1"]

1. e4 e5 2. Nf3 Nc6 3. Bb5 a6 4. Ba4 Nf6 5. d3 b5 6. Bb3 Be7 7. a4 Rb8 8. O-O
O-O 9. axb5 axb5 10. h3 d6 11. Nc3 h6 12. Be3 Re8 13. Nd5 Bf8 14. c3 Nxd5 15.
Bxd5 Bd7 16. Re1 Qf6 17. d4 exd4 18. cxd4 Nb4 19. e5 dxe5 20. dxe5 Qe7 21. Be4
Bc6 22. Bxc6 Nxc6 23. Bf4 Nb4 24. Qe2 Rbd8 25. Rad1 c6 26. Nd4 Qc5 27. Nf5 Kh7
28. Rc1 Qd5 29. Red1 Qe6 30. Nd4 Qg6 31. Bg3 Rd5 32. Nf3 Red8 33. Rxd5 Rxd5 34.
Rd1 Rxd1+ 35. Qxd1 Qd3 36. Qc1 Qc4 37. Qa1 Nd3 38. Qb1 Qc1+ 39. Qxc1 Nxc1 40.
Nd4 Nd3 41. b3 Nb4 42. e6 fxe6 43. Nxe6 Be7 44. Be5 Bf6 45. Bxf6 gxf6 46. Nd4
Kg6 47. Kf1 f5 48. Ke2 Kf6 49. f4 Nd5 50. g3 Ne7 51. Kd3 h5 52. b4 h4 53. gxh4
Nd5 54. Nxc6 Nxf4+ 55. Kd4 Nxh3 56. Kc5 f4 57. Nd4 Ke5 58. h5 Ng5 59. h6 Kf6
60. Kxb5 f3 61. Nc2 f2 62. Ne3 Kg6 63. Kc6 Ne6 64. Kd5 Nc7+ 65. Kd6 Nb5+ 66.
Kc5 Na3 67. Kd5 Nc2 68. Nf1 Nxb4+ 69. Ke4 1/2-1/2

[Event "FIDE Open World Blitz 2021"]
[Site "Warsaw"]
[Date "2021.12.30"]
[Round "14.30"]
[White "Nevednichy, Vladislav"]
[Black "Heberla, Bartlomiej"]
[Result "1/2-1/2"]
[WhiteElo "2379"]
[BlackElo "2373"]
[Annotator "NA"]
[PlyCount "138"]
[EventDate "2021.12.29"]
[EventType "swiss"]
[EventCountry "POL"]
[Tiebreak "Cut1 Buchholz"]
[SourceTitle "playchess.com"]
[Source "ChessBase"]
[SourceQuality "1"]

1. e4 e5 2. Nf3 Nc6 3. d3 Bc5 4. g3 d6 5. Bg2 f5 6. c3 fxe4 7. dxe4 Nf6 8. Nbd2
O-O 9. O-O Qe8 10. b4 Bb6 11. a4 a6 12. Nc4 Ba7 13. Nh4 Ng4 14. Be3 Be6 15. Qe2
Qf7 16. Nd2 Nxe3 17. fxe3 Qe7 18. Nf5 Qg5 19. h4 Qd8 20. Kh2 Qd7 21. b5 Na5 22.
bxa6 bxa6 23. Bh3 Kh8 24. g4 g6 25. Nh6 Kg7 26. Nf5+ gxf5 27. exf5 Bg8 28. g5
Kh8 29. g6 Qg7 30. Ne4 Qh6 31. Ng5 Qxh4 32. Rg1 hxg6 33. Rg4 Qh6 34. Qe1 Kg7
35. Qg3 Rxf5 36. Rg1 Raf8 37. Rg2 Nc4 38. Ne4 Bf7 39. Rh4 Qxe3 40. Bxf5 Qxg3+
41. Rxg3 Ne3 42. Bh3 Nd5 43. Ng5 Bf2 44. Nxf7 Bxg3+ 45. Kxg3 Kxf7 46. Rh7+ Kf6
47. c4 Nb6 48. Rxc7 Nxa4 49. Rc6 Ke7 50. Rxa6 Nc5 51. Ra7+ Kf6 52. Rc7 Ra8 53.
Rc6 Ra3+ 54. Kh4 Ke7 55. Rc7+ Kf6 56. Rc6 Rd3 57. Bg2 Ne6 58. Bd5 Ng5 59. Rxd6+
Kf5 60. Be6+ Nxe6 61. Rxd3 g5+ 62. Kg3 Nc5 63. Rd5 Ne4+ 64. Kg2 g4 65. c5 Ke6
66. Rd8 Nxc5 67. Kg3 Kf5 68. Rf8+ Ke4 69. Kxg4 Nd3 1/2-1/2

[Event "FIDE Open World Blitz 2021"]
[Site "Warsaw"]
[Date "2021.12.30"]
[Round "14.31"]
[White "Rapport, Richard"]
[Black "Sadhwani, Raunak"]
[Result "1-0"]
[WhiteElo "2763"]
[BlackElo "2562"]
[Annotator "ChessBase"]
[PlyCount "73"]
[EventDate "2021.12.29"]
[EventType "swiss"]
[EventCountry "POL"]
[Tiebreak "Cut1 Buchholz"]
[SourceTitle "playchess.com"]
[Source "ChessBase"]
[SourceQuality "1"]

1. e4 e5 2. Nf3 Nc6 3. g3 d5 4. exd5 Qxd5 5. Nc3 Qd6 6. Bg2 Nf6 7. O-O Bg4 8.
h3 Bh5 9. d4 e4 10. Bf4 Qd7 11. Re1 O-O-O 12. Nxe4 Nxe4 13. Rxe4 f5 14. Re3
Nxd4 15. Qxd4 Qxd4 16. Nxd4 Rxd4 17. Be5 Rd2 18. Rc3 c6 19. Re1 Bb4 20. Rc4 Ba5
21. Bxg7 Rg8 22. Bh6 Rd6 23. Bf4 Rd7 24. b4 Bb6 25. a4 Bf7 26. Rc3 Bd4 27. Rd3
Bc4 28. Rdd1 Rgd8 29. Bf3 Bc3 30. Rxd7 Rxd7 31. Rb1 a6 32. h4 Re7 33. Kg2 Re6
34. h5 b5 35. axb5 axb5 36. g4 fxg4 37. Bxg4 1-0

[Event "FIDE Open World Blitz 2021"]
[Site "Warsaw"]
[Date "2021.12.30"]
[Round "14.31"]
[White "Heimann, Andreas"]
[Black "Masternak, Grzegorz"]
[Result "1-0"]
[WhiteElo "2584"]
[BlackElo "2188"]
[Annotator "ChessBase"]
[PlyCount "41"]
[EventDate "2021.12.29"]
[EventType "swiss"]
[EventCountry "POL"]
[Tiebreak "Cut1 Buchholz"]
[SourceTitle "playchess.com"]
[Source "ChessBase"]
[SourceQuality "1"]

1. e4 e6 2. d4 d5 3. Nc3 Bb4 4. e5 Ne7 5. a3 Bxc3+ 6. bxc3 c5 7. Qg4 Kf8 8. a4
Qa5 9. Bd2 Nbc6 10. h4 Nf5 11. Nf3 Bd7 12. Qf4 h6 13. Bd3 Rc8 14. h5 Qc7 15.
dxc5 Nd8 16. g4 Ne7 17. Be3 b6 18. cxb6 Qxc3+ 19. Ke2 axb6 20. Bxb6 Ndc6 21.
Rhb1 1-0

[Event "FIDE Open World Blitz 2021"]
[Site "Warsaw"]
[Date "2021.12.30"]
[Round "14.32"]
[White "Shevchenko, Kirill"]
[Black "Santos Latasa, Jaime"]
[Result "0-1"]
[WhiteElo "2647"]
[BlackElo "2561"]
[Annotator "ChessBase"]
[PlyCount "80"]
[EventDate "2021.12.29"]
[EventType "swiss"]
[EventCountry "POL"]
[Tiebreak "Cut1 Buchholz"]
[SourceTitle "playchess.com"]
[Source "ChessBase"]
[SourceQuality "1"]

1. e4 e5 2. d3 Nf6 3. f4 d6 4. Nf3 Nbd7 5. Nc3 c6 6. Be2 g6 7. O-O Bg7 8. Kh1
O-O 9. Be3 Ng4 10. Bd2 Qb6 11. fxe5 dxe5 12. Qc1 Qc7 13. a4 b6 14. h3 Ngf6 15.
Bh6 Qd6 16. Nh4 Ne8 17. Bxg7 Kxg7 18. Qg5 Kh8 19. Qh6 Kg8 20. Rf3 Nc5 21. Raf1
f6 22. Nxg6 hxg6 23. Qxg6+ Ng7 24. Rxf6 Rxf6 25. Rxf6 Qe7 26. Rxc6 Be6 27. b4
Nd7 28. Bg4 Bf7 29. Nd5 Bxd5 30. exd5 Nf8 31. Qe4 Rd8 32. d4 Qxb4 33. Qxe5 Re8
34. Qf6 Qe1+ 35. Kh2 Nh7 36. Qf4 Rf8 37. Qc7 Rf1 38. Be6+ Kh8 39. Qb8+ Nf8 40.
g4 Qf2# 0-1

[Event "FIDE Open World Blitz 2021"]
[Site "Warsaw"]
[Date "2021.12.30"]
[Round "14.33"]
[White "Vokhidov, Shamsiddin"]
[Black "Jobava, Baadur"]
[Result "1-0"]
[WhiteElo "2613"]
[BlackElo "2582"]
[Annotator "ChessBase"]
[PlyCount "61"]
[EventDate "2021.12.29"]
[EventType "swiss"]
[EventCountry "POL"]
[Tiebreak "Cut1 Buchholz"]
[SourceTitle "playchess.com"]
[Source "ChessBase"]
[SourceQuality "1"]

1. e4 c6 2. d4 d5 3. e5 Bf5 4. h4 Qc7 5. h5 h6 6. Bd3 Bxd3 7. Qxd3 e6 8. Ne2
Ne7 9. Nd2 c5 10. c3 Nbc6 11. O-O cxd4 12. cxd4 Nb4 13. Qb3 Nec6 14. a3 Na6 15.
Nf3 Be7 16. Bf4 Rc8 17. Rac1 Qd7 18. Qd3 O-O 19. g4 f5 20. g5 hxg5 21. Bxg5 Nc7
22. Nf4 Bxg5 23. Nxg5 Qe7 24. Nf3 Rf7 25. Kh2 Qe8 26. Rg1 Ne7 27. Ng5 Rf8 28.
Rxc7 Rxc7 29. Ngxe6 Rc6 30. Rxg7+ Kh8 31. Rxe7 1-0